书目信息 |
| 题名: |
Outlook 2000/Outlook Express
|
|
| 作者: | Julia Kelly 著 | |
| 分册: | ||
| 出版信息: | 北京 北京大学出版社 2008.06 |
|
| 页数: | 258页 | |
| 开本: | 23cm | |
| 丛书名: | 微软解疑专家丛书 | |
| 单 册: | ||
| 中图分类: | TP393.098 | |
| 科图分类: | ||
| 主题词: | 电子邮件 | |
| 电子资源: | ||
| ISBN: | 7-301-05063-1 | |
| 000 | 00704nam0 2200241 450 | |
| 001 | 0855845910 | |
| 005 | 20090216091618.11 | |
| 010 | @a7-301-05063-1@dCNY29.80 | |
| 100 | @a20081225d2008 km y0chiy0120 ea | |
| 101 | 0 | @achi |
| 102 | @aCN@b110000 | |
| 200 | 1 | @aOutlook 2000/Outlook Express@f(美)Julia Kelly著@F(mei)Julia Kelly zhu |
| 210 | @a北京@c北京大学出版社@d2008.06 | |
| 215 | @a258页@d23cm | |
| 225 | 2 | @a微软解疑专家丛书 |
| 300 | @a微软解疑专家 六 | |
| 410 | 0 | @12001 @a微软解疑专家丛书 |
| 517 | 1 | @aOutlook 2000/Outlook Express |
| 606 | 0 | @a电子邮件 |
| 690 | @aTP393.098@v4 | |
| 701 | 0 | @aJulia Kelly@4著 |
| 801 | 0 | @aCN@b山东省滨州职业学院图书馆@c20090216 |
| 905 | @aBZT@dTP393.098@e2 | |
| Outlook 2000/Outlook Express/(美)Julia Kelly著.-北京:北京大学出版社,2008.06 |
| 258页;23cm.-(微软解疑专家丛书) |
| 微软解疑专家 六 |
| ISBN 7-301-05063-1:CNY29.80 |
| ● |
| 相关链接 |
|
|
|
正题名:Outlook 2000/Outlook Express
索取号:TP393.098/2
 
预约/预借
| 序号 | 登录号 | 条形码 | 馆藏地/架位号 | 状态 | 备注 |
| 1 | 694237 | 2000694237 | 样本书库/样004架B面1层1列/ [索取号:TP393.098/2] | 在馆 | |
| 2 | 694238 | 2000694238 | 中心书库中库/ 中库026架A面1列6层21/ [索取号:TP393.098/2] | 在馆 | |
| 3 | 694239 | 2000694239 | 中心书库中库/ 中库026架A面1列6层27/ [索取号:TP393.098/2] | 在馆 | |
| 4 | 694240 | 2000694240 | 中心书库中库/ 中库026架A面1列6层23/ [索取号:TP393.098/2] | 在馆 | |
| 5 | 694241 | 2000694241 | 中心书库中库/ 中库026架A面1列6层24/ [索取号:TP393.098/2] | 在馆 | |
| 6 | 720602 | 2000720602 | 中心书库中库/ 中库026架A面1列6层28/ [索取号:TP393.098/2] | 在馆 | |
| 7 | 720603 | 2000720603 | 中心书库中库/ 中库026架A面1列6层29/ [索取号:TP393.098/2] | 在馆 | |
| 8 | 720604 | 2000720604 | 中心书库中库/ 中库026架A面1列6层30/ [索取号:TP393.098/2] | 在馆 | |
| 9 | 720605 | 2000720605 | 中心书库中库/ 中库026架A面1列6层31/ [索取号:TP393.098/2] | 在馆 | |
| 10 | 720606 | 2000720606 | 中心书库中库/ 中库026架A面1列6层22/ [索取号:TP393.098/2] | 在馆 | |
| 11 | 720607 | 2000720607 | 中心书库中库/ 中库026架A面1列6层25/ [索取号:TP393.098/2] | 在馆 | |
| 12 | 720608 | 2000720608 | 中心书库中库/ 中库026架A面1列6层26/ [索取号:TP393.098/2] | 在馆 | |
| 13 | 720609 | 2000720609 | 中心书库中库/ 中库026架A面1列6层18/ [索取号:TP393.098/2] | 在馆 | |
| 14 | 720610 | 2000720610 | 中心书库中库/ 中库026架A面1列6层19/ [索取号:TP393.098/2] | 在馆 | |
| 15 | 720611 | 2000720611 | 中心书库中库/ 中库026架A面1列6层20/ [索取号:TP393.098/2] | 在馆 |